Beitrage zur Konzeption des Fahigkeitsmanagements fur die spanlose Fertigung /
שמור ב:
| מחבר ראשי: | |
|---|---|
| פורמט: | אלקטרוני ספר אלקטרוני |
| שפה: | גרמנית |
| יצא לאור: |
Kassel :
Kassel University Press,
2018.
|
| נושאים: | |
| גישה מקוונת: | Click to View |
| תגים: |
אין תגיות, היה/י הראשונ/ה לתייג את הרשומה!
|
MARC
| LEADER | 00000nam a2200000 i 4500 | ||
|---|---|---|---|
| 001 | EBC5418711 | ||
| 003 | MiAaPQ | ||
| 005 | 20250214125608.0 | ||
| 006 | m o d | | ||
| 007 | cr cnu|||||||| | ||
| 008 | 180829s2018 gw o 000 0 ger d | ||
| 020 | |z 9783737604901 | ||
| 020 | |a 9783737604918 (e-book) | ||
| 035 | |a (MiAaPQ)EBC5418711 | ||
| 035 | |a (Au-PeEL)EBL5418711 | ||
| 035 | |a (OCoLC)1041075496 | ||
| 040 | |a MiAaPQ |b eng |e rda |e pn |c MiAaPQ |d MiAaPQ | ||
| 050 | 4 | |a HD31 |b .W588 2018 | |
| 082 | 0 | |a 658 |2 23 | |
| 100 | 1 | |a Witte, Johanna, |e author. | |
| 245 | 1 | 0 | |a Beitrage zur Konzeption des Fahigkeitsmanagements fur die spanlose Fertigung / |c Johanna Witte. |
| 264 | 1 | |a Kassel : |b Kassel University Press, |c 2018. | |
| 300 | |a 1 online resource (157 pages) | ||
| 336 | |a text |b txt |2 rdacontent | ||
| 337 | |a computer |b c |2 rdamedia | ||
| 338 | |a online resource |b cr |2 rdacarrier | ||
| 588 | |a Description based on print version record. | ||
| 590 | |a Electronic reproduction. Ann Arbor, MI : ProQuest, 2018. Available via World Wide Web. Access may be limited to ProQuest affiliated libraries. | ||
| 650 | 0 | |a Management. | |
| 655 | 4 | |a Electronic books. | |
| 776 | 0 | 8 | |i Print version: |a Witte, Johanna. |t Beitrage zur Konzeption des Fahigkeitsmanagements fur die spanlose Fertigung. |d Kassel : Kassel University Press, 2018 |h 157 pages |z 9783737604901 |
| 797 | 2 | |a ProQuest (Firm) | |
| 856 | 4 | 0 | |u http://ebookcentral.proquest.com/lib/daystar-ebooks/detail.action?docID=5418711 |z Click to View |
| 999 | |c 244751 |d 244750 | ||